000 00478 a2200169 4500
003 OSt
005 20231215145129.0
008 231215b |||||||| |||| 00| 0 eng d
020 _a9789350723081
040 _coclc
082 _a808.82
_bTEN/B
100 _aTendulkar, Vijay
_95430
245 _aBHEETARI DEEWAREN /
_cVijay Tendulkar
260 _aNew Delhi:
_bVani Prakashan,
_c2014.
300 _a88p
942 _2ddc
_cBK
_h808.82
_iTEN/B
_k808.82
_mTEN/B
999 _c43425
_d43425